Movies Quiz

Random Movies or Typing Quiz

Questionable Movies Quiz Stats

 Plays Quiz Updated Mar 13, 2012

Challenge
Share
Tweet
Embed
Score 0/20 Timer 08:00
0 Plays Today
Answer Question % Correct
Not much, but it's Bugs Bunny's catchphrase and the film has a buncha references to himWhat's Up, Doc?
68.3%
Judge Doom: Toontown stood in the way of his planned freewayWho Framed Roger Rabbit?
67.9%
Ehhh he's got a lot on his mind between caring for his developmentally disabled brother and morbidly obese motherWhat's Eating Gilbert Grape?
65%
Very little--Ike is a terrible husband and Tina deserves way betterWhat's Love Got to Do with It?
46.9%
Oh give me a minute! Ummm.....lemme think...Sidney Poitier!Guess Who's Coming to Dinner?
38.9%
It depends. In the beginning of the movie, no; in the end of the movie, yes. Either way, stop bothering Ice CubeAre We There Yet?
36.9%
Oh, you mean the guy who drove his therapist insane after he blew up his houseWhat About Bob?
33.9%
If it's Ginger and Fred, yes; if it's Richard Gere and J-Lo, no.Shall We Dance?
30.9%
She went from an adored child star to an alcoholic, crazy Bette Davis-type who torments her sister What Ever Happened to Baby Jane?
28.4%
No I didn't because no one went to see a terrible Hugh Grant/Sarah Jessica Parker rom-comDid You Hear About the Morgans?
22.6%
Answer Question % Correct
No one really; it's just something brought up in the beginning of the film before everyone gets drunk and starts yelling at each otherWho's Afraid of Virginia Woolf?
19.3%
I dunno--it's expected by society and at least you get a life partner out of itWhy Did I Get Married?
19.2%
Hard to say really, since the 'sibling' in question is just a reference to Sullivan's TravelsO Brother, Where Art Thou?
17%
In the possession of some aliens; you'll get it back after you save all of existenceDude, Where's My Car?
15.3%
An inept, bumbling private detective played by John Candy Who's Harry Crumb?
14.6%
Yes they do, but there's a difference between killing an animal and a humanThey Shoot Horses, Don't They?
12.8%
Lawrence and DeVito could reduce each other's lives to shambles due to their feudWhat's the Worst That Could Happen?
8.8%
The auto industry, oil interests, and a bunch of other people. Bet they regret it nowWho Killed the Electric Car?
7.3%
Sounds great! Let's just make sure we've got protectionCasual Sex?
3.6%
Again, I really don't know. Pheromones? Physical attraction? You tell meWhy Do Fools Fall in Love?
3.6%

You're not logged in!

Compare scores with friends on all Sporcle quizzes.
OR
Log In

You Might Also Like...

Show Comments

Extras

Top Quizzes Today


Score Distribution

Your Account Isn't Verified!

In order to create a playlist on Sporcle, you need to verify the email address you used during registration. Go to your Sporcle Settings to finish the process.

Report this User

Report this user for behavior that violates our Community Guidelines.

Details: